Sports Quiz

Random Sports or Football Quiz

Ultimate Sports Quiz Stats

 Plays Quiz not verified by Sporcle

Score 0/25 Timer 10:00
0 Plays Today
Question % Correct
Who did Manchester United sign Dimitar Berbatov from?Tottenham
88.8%
What nationality is tennis star Novak DjokovicSerbian
69.7%
Who was the ex Man united flop who went to the 2010 world cup with Brazil?Kleberson
51.7%
What is the abbrievation of Sunderland Football Club?SAFC
43.8%
Who famously went from being the England Rubgy Manager in 2003 to swap to a role in Football with Southampton?Clive Woodward
37.1%
What is MK Dons stadium called?Stadium:mk
34.8%
Who is the current England Rugby Union manager (2010)Martin Johnson
32.6%
Who does soccer saturday pundit Jeff Stelling support?Hartlepool United
31.5%
Who won Wimbledon in 2010 ?Rafael Nadal
30.3%
Who won Gold in Hockey at the 1988 olympic games?Great Britain
29.2%
What boxer has the nickname of A-Force?Audley Harrison
25.8%
Linford Christie ran for the United Kingdom, but what country was he born in?Jamaica
23.6%
Who is the only player to score a hatrick for his country and every tier of english football?Robert Earnshaw
22.5%
Question % Correct
Who won the Heineken cup in the season 1997-1998Bath
20.2%
Which substitute fielder famously ran out Ricky Ponting in the 2005 Ashes series?Gary Pratt
16.9%
Liverpool, Arsenal & Manchester United have all won the league 3 years in a row, who is the only other team to do so ?Huddersfield Town
15.7%
Who hosted the 1988 European Football Championships?West Germany
14.6%
Who won the 2008 PDO darts championship?John Part
12.4%
What is the formula one race track for 2011 in Singapore called?Singapore
11.2%
Who came runner up in the European Cup Final in 1960?Eintracht Frankfurt
5.6%
When was the first game of American football played?1869
3.4%
Name the 3 players to have won every major domestic trophy in England and the two major european club trophiesCarvalho,Kanu,Ferraira
2.2%
In 2009 who did Julien Faubert play his football for?West Ham United And Real Madrid
1.1%
Who won the Rugby League World Cup in 1995?United Kingdom
1.1%
Who died on the Luge in the Winter Olympics 2010?Nodar Kumaritashvili
0%

You're not logged in!

Compare scores with friends on all Sporcle quizzes.
OR
Log In

Show Comments

Extras

Created Nov 26, 2010ReportNominate
Tags:Football Quiz, ultimate

Top Quizzes Today


Score Distribution

Your Account Isn't Verified!

In order to create a playlist on Sporcle, you need to verify the email address you used during registration. Go to your Sporcle Settings to finish the process.

Report this User

Report this user for behavior that violates our Community Guidelines.

Details: